Ultimates postaci z League of Legends 2 - Statystyki

Ogólne statystyki
  • Ten quiz został rozwiązany 154 razy
  • Średni wynik to 10 z 15
Statystyki odpowiedzi
Opis Postać % Poprawnych
Teleportuje się w pobliskie miejsce, zadając obrażenia znajdującym się tam wrogim jednostkom. Z każdym kolejnym użyciem kosztuje więcej many i zadaje dodatkowe obrażenia. Kassadin
93%
Chroni wybranego sojuszniczego bohatera przed obrażeniami, a po chwili teleportuje się do niego. Shen
86%
Wskakuje w wir walki, atakując cel z taką siłą, że otaczający teren otacza murem. Pobliscy wrogowie otrzymują obrażenia w momencie uderzenia. Jarvan
79%
Szarżuje w wybranym kierunku, zwiększając prędkość wraz z czasem. Gdy zderzy się z wrogiem, zadaje mu obrażenia i podrzuca go, w zależności od przebytego obszaru. Sion
79%
Przeobraża się w formę Tyrana, zyskując dodatkowe zdrowie i zadając obrażenia wrogom dookoła. W tej postaci zyskuje on co jakiś czas punkty Furii. Renekton
77%
Brazylia. Mordekaiser
76%
Wystrzeliwuje pocisk, który oznacza trafionego bohatera. Może go użyć ponownie by doskoczyć do niego. Przy zabójstwie resetuje się. Vex
76%
Rzuca pociskiem, który zamraża i ogłusza pierwszego trafionego wrogiego bohatera i tworzy burzę lodową, która spowalnia innych wrogów. Sejuani
74%
Wystrzeliwuje podmuch czystego gwiezdnego ognia, spowalniając i zadając obrażenia wszystkim wrogom w jego zasięgu oraz odrzuca pobliskich trafionych wrogów na bezpieczniejszą odległość. Aurelion Sol
72%
Doskakuje do wybranego bohatera, uniemożliwiając mu opuszczenie danego obszaru. Ponadto podstawowe ataki zadają mu dodatkowe obrażenia magiczne. Camille
70%
Wystrzeliwuje globalny promień, który osłania sojuszników i zadaje obrażenia znajdującym się w nim wrogom. Senna
68%
Trafia w ziemię falą uderzeniową, która goni przeciwnika. Rozrywa ona powierzchnię, podrzucając wrogów w powietrze. Kiedy uderzy w cel, wybucha, wyrzucając go w powietrze i ogłuszając. Nautilus
65%
Wzmacnia swoją broń energią, otrzymuje premię do obrażeń od ataku i zasięgu. W tym czasie jednokrotnie może rzucić Cięcie Wiatru, potężny atak dystansowy. Riven
56%
Dziesiątkuje obszar przed sobą, po czym wycofuje się na dużą odległość. Evelynn
38%
Wyzwala pulsujące fale ognia, zadając pobliskim wrogom obrażenia. Udyr
26%
Nie znaleziono quizów pasujących do podanych kryteriów
Rozkład punktacji
Procent ludzi z każdym wynikiem
Percentyl według liczby udzielonych odpowiedzi
Twoja historia wyników
Nie rozwiązałeś tego quizu